Sermon Sawm (The Ten Sermon) / (Record no. 3779)
[ view plain ]
| 000 -LEADER | |
|---|---|
| fixed length control field | 00486nam a22001817a 4500 |
| 003 - CONTROL NUMBER IDENTIFIER | |
| control field | GBCCL |
| 005 - DATE AND TIME OF LATEST TRANSACTION | |
| control field | 20241126110503.0 |
| 008 - FIXED-LENGTH DATA ELEMENTS--GENERAL INFORMATION | |
| fixed length control field | 171213b xxu||||| |||| 00| 0 eng d |
| 040 ## - CATALOGING SOURCE | |
| Transcribing agency | gbc |
| 082 ## - DEWEY DECIMAL CLASSIFICATION NUMBER | |
| Classification number | VER 252 |
| Item number | CHI |
| 100 ## - MAIN ENTRY--PERSONAL NAME | |
| Personal name | Chinsuanthang, Hs. |
| 9 (RLIN) | 7443 |
| 245 ## - TITLE STATEMENT | |
| Title | Sermon Sawm (The Ten Sermon) / |
| Statement of responsibility, etc. | Hs. Chinsuanthang |
| 260 ## - PUBLICATION, DISTRIBUTION, ETC. | |
| Name of publisher, distributor, etc. | H. Nemsiam, |
| Place of publication, distribution, etc. | Imphal: |
| Date of publication, distribution, etc. | 2002 |
| 300 ## - PHYSICAL DESCRIPTION | |
| Extent | 324 p.; |
| Dimensions | 16 cm. |
| 440 ## - SERIES STATEMENT/ADDED ENTRY--TITLE | |
| Title | Sermon Sawm |
| Volume/sequential designation | v. 5 & 6 |
| 9 (RLIN) | 7444 |
| 650 ## - SUBJECT ADDED ENTRY--TOPICAL TERM | |
| Topical term or geographic name entry element | Sermons |
| 9 (RLIN) | 6067 |
| 942 ## - ADDED ENTRY ELEMENTS (KOHA) | |
| Source of classification or shelving scheme | Dewey Decimal Classification |
| Koha item type | Books |
| Koha issues (borrowed), all copies | 17 |
| Withdrawn status | Lost status | Source of classification or shelving scheme | Damaged status | Not for loan | Collection | Home library | Current Library | Shelving location | Date acquired | Total checkouts | Full call number | Barcode | Date last seen | Date last checked out | Copy number | Price effective from | Koha item type | Total renewals |
|---|---|---|---|---|---|---|---|---|---|---|---|---|---|---|---|---|---|---|
| Dewey Decimal Classification | GRACE BIBLE COLLEGE | GRACE BIBLE COLLEGE | Vernacular | 2017-12-13 | 2 | VER 252 CHI | 007942 | 2025-05-01 | 2022-11-04 | v.5 v.6 | 2017-12-13 | Books | ||||||
| Dewey Decimal Classification | GRACE BIBLE COLLEGE | GRACE BIBLE COLLEGE | Vernacular | 2017-12-13 | 6 | VER 252 CHI | 009762 | 2025-11-12 | 2025-11-05 | v.7 v.8 | 2017-12-13 | Books | 4 | |||||
| Dewey Decimal Classification | GRACE BIBLE COLLEGE | GRACE BIBLE COLLEGE | Vernacular | 2017-12-13 | 6 | VER 252 CHI | 007337 | 2025-05-01 | 2022-10-11 | v.7 v.8 | 2017-12-13 | Books | ||||||
| Dewey Decimal Classification | GRACE BIBLE COLLEGE | GRACE BIBLE COLLEGE | Vernacular | 2022-04-19 | 4 | VER 252 CHI | 005877 | 2025-05-01 | 2024-07-02 | v.3 v.4 | 2022-04-19 | Books |